EARLY CHILDHOOD EDUCATION PROGRAMME (Record no. 19963)

MARC details
000 -LEADER
fixed length control field 00257nam a22001217a 4500
003 - CONTROL NUMBER IDENTIFIER
control field SGT
082 ## - DEWEY DECIMAL CLASSIFICATION NUMBER
Item number KAU
100 ## - MAIN ENTRY--PERSONAL NAME
Personal name KAUL, VENITA
245 ## - TITLE STATEMENT
Title EARLY CHILDHOOD EDUCATION PROGRAMME
260 ## - PUBLICATION, DISTRIBUTION, ETC. (IMPRINT)
Place of publication, distribution, etc DELHI
Name of publisher, distributor, etc NCRT
Year of Publication 1991
300 ## - PAGE DESCRIPTION
No. of Pages 305
942 ## - ADDED ENTRY ELEMENTS (KOHA)
Source of classification or shelving scheme Dewey Decimal Classification
Koha item type Books
942 ## - ADDED ENTRY ELEMENTS (KOHA)
-- 2
Holdings
Withdrawn status Lost status Source of classification or shelving scheme Damaged status Not for loan Collection code Home library Current library Date acquired SGTU Total Checkouts Full call number Accession No. (Barcode) Date last seen Date last borrowed Bill Date Koha item type
    Dewey Decimal Classification     EDUCATION SGT Engineering Library SGT Engineering Library 06/05/2020 SGTU 1 KAU ED4692 23/10/2024 09/10/2024 06/05/2020 Books
    Dewey Decimal Classification     EDUCATION SGT Engineering Library SGT Engineering Library 06/05/2020 SGTU 1 KAU ED4693 30/09/2023 01/08/2023 06/05/2020 Books